Type de métier de la santé en images 🩺 - Statistiques

Statistiques générales
  • Ce quiz a été pris 783 fois
  • Le résultat moyen est 14 sur 16
Statistiques - réponses
Par images Réponse % Correct
Dentiste
98%
Chirurgien
94%
Psychologue
94%
Kinésithérapeute
90%
Pédiatre
89%
Sage femme
89%
Ophtalmologue
88%
Podologue
86%
Radiologue
86%
Neurologue
84%
Anesthésiste
82%
Cardiologue
80%
Gynécologue
78%
Dermatologue
77%
Infirmière
76%
Otorhinolaryngologiste
74%
Aucun quiz correspondant
Distribution des résultats
% des personnes avec chaque résultat
Percentile par nombre de réponses
Votre historique - résultats
Vous n’avez pas pris ce quiz